[Event "World Junior U20 Girls 2018"]
[Site "Gebze"]
[Date "2018.09.08"]
[Round "5"]
[White "Yang, Yijing"]
[Black "Wafa, Shahenda"]
[Result "1-0"]
[WhiteElo "2018"]
[BlackElo "2129"]
[Annotator "TA"]
[PlyCount "117"]
[EventDate "2018.09.05"]
[EventType "swiss"]
[EventCountry "TUR"]
[SourceTitle "playchess.com"]
[Source "ChessBase"]
[SourceQuality "1"]

{[%evp 20,117,32,10,67,51,97,89,89,77,80,91,84,60,82,71,73,72,66,69,66,78,99,99,135,74,158,161,156,149,281,289,293,286,328,230,242,189,184,182,174,185,175,168,195,78,78,29,129,123,116,38,230,214,219,150,159,30,83,0,175,175,160,162,171,168,165,0,155,142,168,152,160,150,289,233,321,236,1022,999,989,977,918,783,748,727,29981,29982,29982,29983,29986,29984,29984,29985,29985,29986,29986,29987,29987,29987]} 1. d4 Nf6 2. c4 g6 3. Nf3 Bg7 4. g3 O-O 5. Bg2 d6 6. O-O c6 7. Nc3 Qc7 8. e4 e5 9. h3 Nbd7 10. b3 Re8 11. Re1 {LiveBook: 3 Games. E69: King's Indian: Fianchetto: 6...Nbd7 7 0-0 e5 8 e4 c6 9 h3} (11. Be3 Bf8 12. Rc1 a6 13. Re1 b6 14. Re2 Bb7 15. d5 c5 16. Ne1 Bg7 17. Nd3 Rf8 18. Qd2 Ne8 {1-0 (34) Matamoros Franco,C (2534)-Nina,M (2298) Mar del Plata 2012}) 11... Nf8 (11... a6 $11) 12. Be3 $14 exd4 13. Nxd4 {White is better.} (13. Bxd4 $6 Ne6 $11) 13... Ne6 14. Qc2 Nxd4 15. Bxd4 Be6 16. Qb2 $146 ({Predecessor:} 16. Rad1 Rad8 17. Qd2 Nh5 18. Bxg7 Nxg7 19. Re3 Rd7 {1-0 (36) Wilmes,F (1898)-Wilshusen,H (1648) GER email 2011}) 16... Qd7 17. Ne2 Nh5 18. g4 Bxd4 19. Qxd4 Ng7 20. Rad1 Rad8 21. Qxa7 Ra8 22. Qd4 (22. Qe3 $142 $1) 22... Rxa2 (22... h5 $142) 23. e5 $36 {[%mdl 2048] White is on the roll.} ({Much less strong is} 23. Qxd6 $6 Qxd6 24. Rxd6 h5 $14) 23... d5 24. Nc3 {[%cal Be2c3,Bc3a4,Ba4c5][%mdl 32]} Ra3 (24... Ra5 $16 25. cxd5 cxd5) 25. cxd5 $18 cxd5 26. Bxd5 (26. Nxd5 Bxd5 27. Bxd5 Qe7 $16) 26... Rea8 27. Qb4 Qc7 28. Na4 Ra2 29. Qxb7 Qxb7 30. Bxb7 Rb8 31. Nc5 h5 {[#]} 32. Bd5 (32. Bf3 $1 $18) 32... hxg4 $16 33. Nxe6 Nxe6 (33... fxe6 $11 {remains equal.} 34. Be4 gxh3) 34. hxg4 Nf4 {[#]} 35. Re3 (35. e6 $1 $16 {[%cal Re6e7]} fxe6 36. Bxe6+ Kg7 37. Bc4) 35... Rc8 $2 (35... Nxd5 $14 36. Rxd5 Rb4) 36. Bc4 $18 Rc7 37. Rf3 g5 38. Kf1 (38. Rd6 $16) 38... Rb2 (38... Rd7 $11 39. Rb1 Rb2) 39. Kg1 ({White should try} 39. Re3 $16) 39... Ra7 $2 (39... Ra2 $1 $11) 40. Kh2 Kg7 41. Kg3 Re7 42. Re3 Ra7 43. Rf3 Re7 $1 44. Rd6 Rb1 45. Re3 Rb2 46. Re1 Ra7 (46... Rc2 $16 47. Ra6 Rc3+ 48. Re3 Rc1) 47. Red1 {Hoping for Rd7.} Ng6 48. R1d5 Raa2 $2 (48... Ra1 49. e6 Rg1+ 50. Kh2 (50. Kf3 Nh4+ 51. Ke3 fxe6 $18) 50... Rxg4) 49. e6 {[%cal Be5e6,Be6e7][%mdl 32]} Rxf2 50. Rxg5 Rg2+ 51. Kf3 {aiming for e7.} Raf2+ 52. Ke3 {White wants to mate with e7.} Rf6 {[#]} 53. e7 $1 {[%mdl 512] White mates.} Rg3+ 54. Ke4 Rf4+ 55. Kd5 Re3 {[#]} 56. Rdxg6+ $1 fxg6 57. Re5 Rxe5+ 58. Kxe5 Rf3 59. Ke4 {Precision: White = 50%, Black = 33%.} 1-0

[Event "World Junior U20 Girls 2018"]
[Site "Gebze"]
[Date "2018.09.08"]
[Round "5"]
[White "Celik, Eylul"]
[Black "Zairbek kyzy, Begimay"]
[Result "0-1"]
[WhiteElo "2014"]
[BlackElo "1770"]
[Annotator "NA"]
[PlyCount "80"]
[EventDate "2018.09.05"]
[EventType "swiss"]
[EventCountry "TUR"]
[SourceTitle "playchess.com"]
[Source "ChessBase"]
[SourceQuality "1"]
[TimeControl "40/5400+30:1800+30"]

1. d4 {[%emt 0:00:30]} d5 {[%emt 0:00:30]} 2. c4 {[%emt 0:00:30]} e6 {[%emt 0:00:00]} 3. cxd5 {[%emt 0:00:00]} exd5 {[%emt 0:00:00]} 4. Nc3 {[%emt 0:00:00]} Nf6 {[%emt 0:00:30]} 5. Bg5 {[%emt 0:00:00]} Nbd7 {[%emt 0:00:30]} 6. e3 {[%emt 0:00:00]} Be7 {[%emt 0:00:00]} 7. Bd3 {[%emt 0:00:30]} c6 {[%emt 0:00:00]} 8. Qc2 {[%emt 0:01:30]} O-O {[%emt 0:00:30]} 9. h3 {[%emt 0:00:00]} Re8 {[%emt 0:00:30]} 10. Nf3 {[%emt 0:00:00]} Nf8 {[%emt 0:00:00]} 11. g4 {[%emt 0:00:30]} Ne4 {[%emt 0:01:00]} 12. Bxe7 {[%emt 0:02:30]} Qxe7 {[%emt 0:00:30]} 13. Bxe4 {[%emt 0:00:30]} dxe4 {[%emt 0:00:30]} 14. Nd2 {[%emt 0:00:30]} f5 {[%emt 0:00:30]} 15. gxf5 {[%emt 0:00:00]} Bxf5 {[%emt 0:00:30]} 16. O-O-O {[%emt 0:01:00]} b5 {[%emt 0:01:30]} 17. Kb1 {[%emt 0:08:30]} a5 {[%emt 0:03:30]} 18. f3 {[%emt 0:04:30]} b4 {[%emt 0:02:30]} 19. Ncxe4 {[%emt 0:01:30]} Qf7 {[%emt 0:05:30]} 20. Nc4 {[%emt 0:08:30]} Qh5 {[%emt 0:40:30]} 21. Ncd2 {[%emt 0:19:30]} Ng6 {[%emt 0:08:30]} 22. Qc4+ {[%emt 0:05:30]} Be6 {[%emt 0:06:30]} 23. Qc5 {[%emt 0:01:30]} Bd5 {[%emt 0:04:30]} 24. Ka1 {[%emt 0:01:30]} Nh4 {[%emt 0:02:30]} 25. Rhg1 {[%emt 0:01:30]} Qh6 {[%emt 0:01:30]} 26. Rdf1 {[%emt 0:16:30]} Nf5 {[%emt 0:03:25]} 27. Rg5 {[%emt 0:05:30]} Rf8 {[%emt 0:09:24]} 28. Rfg1 {[%emt 0:03:46]} Qe6 {[%emt 0:01:16]} 29. b3 {[%emt 0:15:31]} a4 {[%emt 0:05:03]} 30. Kb2 {[%emt 0:00:07]} Rf7 {[%emt 0:00:14]} 31. Nc4 {[%emt 0:02:40]} a3+ {[%emt 0:00:14]} 32. Kc1 {[%emt 0:00:27]} Bxe4 {[%emt 0:01:37]} 33. fxe4 {[%emt 0:00:46]} Qxe4 {[%emt 0:00:18]} 34. Kd2 {[%emt 0:00:24]} Nxe3 {[%emt 0:01:17]} 35. Nxe3 {[%emt 0:01:05]} Rf2+ {[%emt 0:00:08]} 36. Kc1 {[%emt 0:00:13]} Qxe3+ {[%emt 0:00:30]} 37. Kb1 {[%emt 0:00:08]} Qe4+ {[%emt 0:00:16]} 38. Ka1 {[%emt 0:00:20]} Rxa2+ {[%emt 0:00:44]} 39. Kxa2 {[%emt 0:00:30]} Qe2+ {[%emt 0:00:00]} 40. Kb1 {[%emt 0:00:00]} Qb2# {[%emt 0:00:00]} 0-1

[Event "World Junior U20 Girls 2018"]
[Site "Gebze"]
[Date "2018.09.08"]
[Round "5"]
[White "Isha Sharma"]
[Black "Nassr, Lina"]
[Result "1-0"]
[WhiteElo "2012"]
[BlackElo "1854"]
[Annotator "NA"]
[PlyCount "65"]
[EventDate "2018.09.05"]
[EventType "swiss"]
[EventCountry "TUR"]
[SourceTitle "playchess.com"]
[Source "ChessBase"]
[SourceQuality "1"]
[TimeControl "40/5400+30:1800+30"]

1. e4 {[%emt 0:00:30]} e6 {[%emt 0:00:30]} 2. d3 {[%emt 0:00:00]} d5 {[%emt 0:00:30]} 3. Nd2 {[%emt 0:00:00]} c5 {[%emt 0:00:30]} 4. g3 {[%emt 0:00:30]} Nf6 {[%emt 0:00:30]} 5. Bg2 {[%emt 0:00:00]} Nc6 {[%emt 0:00:00]} 6. Ngf3 {[%emt 0:00:00]} Be7 {[%emt 0:00:00]} 7. O-O {[%emt 0:00:30]} O-O {[%emt 0:00:00]} 8. Re1 {[%emt 0:00:00]} b5 {[%emt 0:01:00]} 9. e5 {[%emt 0:00:00]} Nd7 {[%emt 0:00:30]} 10. Nf1 {[%emt 0:00:00]} a5 {[%emt 0:01:30]} 11. h4 {[%emt 0:00:00]} a4 {[%emt 0:08:30]} 12. N1h2 {[%emt 0:01:30]} b4 {[%emt 0:00:30]} 13. h5 {[%emt 0:00:30]} Bb7 {[%emt 0:09:30]} 14. Ng4 {[%emt 0:01:30]} Na5 {[%emt 0:08:30]} 15. c3 {[%emt 0:02:30]} bxc3 {[%emt 0:06:30]} 16. bxc3 {[%emt 0:00:30]} Bc6 {[%emt 0:02:30]} 17. Bf4 {[%emt 0:02:30]} Rb8 {[%emt 0:17:30]} 18. Qd2 {[%emt 0:02:30]} Rb6 {[%emt 0:03:30]} 19. Rab1 {[%emt 0:09:30]} Qb8 {[%emt 0:01:30]} 20. Nf6+ {[%emt 0:05:30]} Kh8 {[%emt 0:00:30]} 21. Rxb6 {[%emt 0:05:30]} Qxb6 {[%emt 0:00:30]} 22. Ng4 {[%emt 0:07:30]} Bb5 {[%emt 0:14:30]} 23. h6 {[%emt 0:13:30]} g6 {[%emt 0:02:55]} 24. Bg5 {[%emt 0:01:30]} Qd8 {[%emt 0:01:18]} 25. Bxe7 {[%emt 0:00:30]} Qxe7 {[%emt 0:00:03]} 26. c4 {[%emt 0:00:30]} Nxc4 {[%emt 0:02:31]} 27. dxc4 {[%emt 0:00:30]} Bxc4 {[%emt 0:00:00]} 28. Rb1 {[%emt 0:02:30]} f5 {[%emt 0:06:27]} 29. Ne3 {[%emt 0:02:30]} Ba6 {[%emt 0:03:41]} 30. Qa5 {[%emt 0:02:30]} Ra8 {[%emt 0:01:14]} 31. Bf1 {[%emt 0:04:30]} Nb8 {[%emt 0:02:53]} 32. Bxa6 {[%emt 0:00:30]} Nxa6 {[%emt 0:00:05]} 33. Qxa6 {[%emt 0:00:30]} 1-0

[Event "World Junior U20 Girls 2018"]
[Site "Gebze"]
[Date "2018.09.08"]
[Round "5"]
[White "Hu, Yu A"]
[Black "Zhu, Jiner"]
[Result "0-1"]
[WhiteElo "2009"]
[BlackElo "2364"]
[Annotator "NA"]
[PlyCount "67"]
[EventDate "2018.09.05"]
[EventType "swiss"]
[EventCountry "TUR"]
[SourceTitle "playchess.com"]
[Source "ChessBase"]
[SourceQuality "1"]
[TimeControl "40/5400+30:1800+30"]

1. e4 {[%emt 0:01:30]} e5 {[%emt 0:00:30]} 2. Nf3 {[%emt 0:00:30]} Nc6 {[%emt 0:00:00]} 3. Bb5 {[%emt 0:00:30]} g6 {[%emt 0:00:00]} 4. c3 {[%emt 0:00:30]} a6 {[%emt 0:00:00]} 5. Ba4 {[%emt 0:02:30]} d6 {[%emt 0:00:00]} 6. O-O {[%emt 0:00:30]} Bg7 {[%emt 0:00:30]} 7. d4 {[%emt 0:00:30]} Bd7 {[%emt 0:00:30]} 8. Re1 {[%emt 0:00:30]} Nf6 {[%emt 0:00:00]} 9. Nbd2 {[%emt 0:00:30]} O-O {[%emt 0:00:00]} 10. h3 {[%emt 0:00:30]} Re8 {[%emt 0:00:30]} 11. Bc2 {[%emt 0:00:30]} Qe7 {[%emt 0:00:00]} 12. Nf1 {[%emt 0:11:30]} Qf8 {[%emt 0:00:00]} 13. Ng3 {[%emt 0:01:30]} a5 {[%emt 0:00:30] C79: Ruy Lopez: Steinitz-type lines with 3...a6 4 Ba4 Nf6 5 0-0 d6} 14. b3 $146 {[%emt 0:04:30]} ({Predecessor:} 14. Ba4 Rad8 15. Bg5 h6 16. Bd2 b6 17. Rc1 Nh7 18. Qb3 Re7 19. Qc4 Qe8 20. Bb5 exd4 21. Bxc6 Bxc6 22. cxd4 {0-1 (76) Patel,A (2478)-Caruana,F (2811) chess.com INT 2018}) 14... Rad8 {[%emt 0:04:30]} 15. Ba3 {[%emt 0:06:30]} exd4 {[%emt 0:06:30]} 16. cxd4 {[%emt 0:04:30]} Nb4 {[%emt 0:00:00]} 17. Bxb4 {[%emt 0:03:30]} axb4 {[%emt 0:03:00]} 18. Qd2 {[%emt 0:00:30]} c5 {[%emt 0:02:30]} 19. Rad1 {[%emt 0:01:30]} Bc6 {[%emt 0:01:30]} 20. Bd3 {[%emt 0:06:30]} Re7 {[%emt 0:10:30]} 21. Qc2 {[%emt 0:06:30]} b6 {[%emt 0:01:30]} 22. e5 {[%emt 0:02:30]} dxe5 {[%emt 0:02:30]} 23. Nxe5 {[%emt 0:03:30]} Qe8 {[%emt 0:00:30]} 24. Re2 {[%emt 0:02:30]} Bb7 {[%emt 0:09:30]} 25. Rde1 {[%emt 0:00:00]} Nd5 {[%emt 0:01:30]} 26. Nf3 {[%emt 0:02:00]} Rxe2 {[%emt 0:02:30]} 27. Rxe2 {[%emt 0:00:30]} Qd7 {[%emt 0:00:30]} 28. Rd2 {[%emt 0:12:30]} cxd4 {[%emt 0:01:30]} 29. Ne2 {[%emt 0:09:12]} Nc3 {[%emt 0:01:30]} 30. Ne1 {[%emt 0:01:51]} Bh6 {[%emt 0:00:30]} 31. f4 {[%emt 0:00:12]} Nxe2+ {[%emt 0:00:30]} 32. Rxe2 {[%emt 0:00:46]} Bxf4 {[%emt 0:00:00]} 33. Qc4 $19 {[%emt 0:00:58]} Be3+ {[%emt 0:01:00]} 34. Kh2 {[%emt 0:00:04]} 0-1

[Event "World Junior U20 Girls 2018"]
[Site "Gebze"]
[Date "2018.09.08"]
[Round "5"]
[White "Stanciu, Ioana-Georgiana"]
[Black "Sankova, Stella"]
[Result "1/2-1/2"]
[WhiteElo "2000"]
[BlackElo "2081"]
[Annotator "NA RC"]
[PlyCount "114"]
[EventDate "2018.09.05"]
[EventType "swiss"]
[EventCountry "TUR"]
[SourceTitle "playchess.com"]
[Source "ChessBase"]
[SourceQuality "1"]
[TimeControl "40/5400+30:1800+30"]

1. e4 {[%emt 0:00:30]} c5 {[%emt 0:00:30]} 2. Nf3 {[%emt 0:00:30]} d6 {[%emt 0:00:30]} 3. d4 {[%emt 0:00:30]} cxd4 {[%emt 0:00:00]} 4. Nxd4 {[%emt 0:00:30]} Nf6 {[%emt 0:00:00]} 5. Nc3 {[%emt 0:00:30]} a6 {[%emt 0:00:30]} 6. h3 {[%emt 0:00:00]} e5 {[%emt 0:00:00]} 7. Nde2 {[%emt 0:00:00]} h5 {[%emt 0:00:00] B90: Sicilian Najdorf: Unusual White 6th moves, 6 Be3 Ng4 and 6 Be3 e5} (7... b5 8. Ng3 Qc7 9. Bd3 g6 10. O-O Bg7 11. Bd2 O-O 12. a4 b4 13. Na2 a5 14. c3 bxc3 15. Nxc3 Be6 {½-½ (40) Svidler,P (2760)-Khismatullin,D (2632) Sochi 2018}) 8. Bg5 {[%emt 0:00:30]} Be6 {[%emt 0:00:00]} 9. Nd5 {[%emt 0:04:30]} Bxd5 {[%emt 0:07:00]} 10. exd5 {[%emt 0:00:30]} Be7 $146 {[%emt 0:06:30]} ({Predecessor:} 10... Qa5+ 11. Nc3 Ne4 12. Bd2 Nxd2 13. Qxd2 g6 14. Ne4 Qxd2+ 15. Nxd2 {0-1 (54) Bivol,A (2207)-Sardana,R (2316) Barbera del Valles 2013}) 11. c4 {[%emt 0:01:30]} Nbd7 {[%emt 0:06:30]} 12. Nc3 {[%emt 0:01:30]} Qa5 {[%emt 0:17:30]} 13. Qd2 {[%emt 0:02:30]} Nc5 {[%emt 0:01:30]} 14. Rb1 {[%emt 0:12:30]} Nfe4 {[%emt 0:05:30]} 15. Nxe4 {[%emt 0:00:30]} Qxd2+ {[%emt 0:00:30]} 16. Bxd2 {[%emt 0:00:30]} Nxe4 {[%emt 0:00:00]} 17. Be3 {[%emt 0:00:30]} Rc8 {[%emt 0:05:00]} 18. Bd3 {[%emt 0:03:30]} Nc5 {[%emt 0:01:30]} 19. Be2 {[%emt 0:06:30]} f5 {[%emt 0:03:30]} 20. f3 {[%emt 0:00:30]} Kf7 {[%emt 0:09:30]} 21. b4 {[%emt 0:05:30]} Nd7 {[%emt 0:00:30]} 22. Kd2 {[%emt 0:00:30]} Kg6 {[%emt 0:03:30]} 23. g4 {[%emt 0:13:30]} hxg4 {[%emt 0:06:30]} 24. hxg4 {[%emt 0:01:30]} fxg4 {[%emt 0:04:30]} 25. Bd3+ {[%emt 0:03:30]} Kf7 {[%emt 0:00:30]} 26. fxg4 {[%emt 0:05:30]} Rxh1 {[%emt 0:01:30]} 27. Rxh1 {[%emt 0:00:00]} e4 {[%emt 0:00:34]} 28. Rf1+ {[%emt 0:05:00]} Kg8 {[%emt 0:00:26]} 29. Be2 {[%emt 0:09:30]} Ne5 {[%emt 0:00:30]} 30. Rc1 {[%emt 0:02:44]} Kf7 {[%emt 0:03:06]} 31. Bf4 {[%emt 0:07:06]} Ng6 {[%emt 0:02:47]} 32. Be3 {[%emt 0:01:17]} Ne5 {[%emt 0:00:19]} 33. Ke1 {[%emt 0:01:39]} Ke8 {[%emt 0:03:14]} 34. Kf1 {[%emt 0:03:35]} Kd7 {[%emt 0:00:47]} 35. c5 {[%emt 0:01:02]} Bd8 {[%emt 0:03:52]} 36. Kg2 {[%emt 0:01:26]} Be7 {[%emt 0:00:34]} 37. g5 {[%emt 0:01:27]} Rf8 {[%emt 0:01:03]} 38. Rf1 {[%emt 0:01:01]} Rc8 {[%emt 0:00:44]} 39. Bf4 {[%emt 0:00:50]} Nf3 {[%emt 0:00:33]} 40. c6+ {[%emt 0:03:42]} bxc6 {[%emt 0:00:00]} 41. Bxa6 {[%emt 0:00:11]} Rh8 {[%emt 0:05:01]} 42. dxc6+ {[%emt 0:08:30]} Kxc6 {[%emt 0:00:30]} 43. a4 {[%emt 0:00:30]} d5 {[%emt 0:00:30]} 44. Rc1+ {[%emt 0:00:30]} Kb6 {[%emt 0:01:30]} 45. b5 {[%emt 0:11:02]} Bxg5 {[%emt 0:04:30]} 46. Bc7+ {[%emt 0:01:28]} Ka7 {[%emt 0:00:30]} 47. Rc6 {[%emt 0:03:19]} Nh4+ {[%emt 0:08:30]} 48. Kf1 {[%emt 0:00:48]} Rf8+ {[%emt 0:00:30]} 49. Ke2 {[%emt 0:00:04]} Nf5 {[%emt 0:09:01]} 50. Bb6+ {[%emt 0:00:29]} Kb8 {[%emt 0:00:13]} 51. Bc7+ {[%emt 0:04:17]} Ka7 {[%emt 0:00:09]} 52. Be5 {[%emt 0:00:19]} d4 {[%emt 0:02:48]} 53. Rc7+ {[%emt 0:03:11]} Kb6 {[%emt 0:00:33]} 54. Rb7+ $2 {[%emt 0:02:17]} (54. Rd7 {was worth a try.} d3+ 55. Ke1) 54... Ka5 {[%emt 0:03:43]} 55. Bc7+ {[%emt 0:00:33]} Kb4 {[%emt 0:00:30]} 56. b6 {[%emt 0:00:00]} Kc3 {[%emt 0:02:51]} 57. Be5 {[%emt 0:00:00]} Ng3+ $18 {[%emt 0:02:21]} (57... Kb4 $11 {und Schwarz muss sich keine Sorgen machen.} 58. Ra7 d3+ 59. Bxd3 exd3+ 60. Kxd3 Be3) 1/2-1/2

[Event "World Junior U20 Girls 2018"]
[Site "Gebze"]
[Date "2018.09.08"]
[Round "5"]
[White "Nastase, Andreea-Cristina"]
[Black "Bai, Xue"]
[Result "0-1"]
[WhiteElo "1983"]
[BlackElo "2073"]
[Annotator "NA"]
[PlyCount "88"]
[EventDate "2018.09.05"]
[EventType "swiss"]
[EventCountry "TUR"]
[SourceTitle "playchess.com"]
[Source "ChessBase"]
[SourceQuality "1"]
[TimeControl "40/5400+30:1800+30"]

1. d4 {[%emt 0:00:30]} d5 {[%emt 0:00:30]} 2. c4 {[%emt 0:00:00]} e6 {[%emt 0:00:30]} 3. Nc3 {[%emt 0:00:00]} Nf6 {[%emt 0:00:30]} 4. cxd5 {[%emt 0:00:30]} Nxd5 {[%emt 0:00:00]} 5. e4 {[%emt 0:00:00]} Nxc3 {[%emt 0:00:00]} 6. bxc3 {[%emt 0:00:00]} c5 {[%emt 0:00:00]} 7. Nf3 {[%emt 0:01:30]} cxd4 {[%emt 0:00:00]} 8. cxd4 {[%emt 0:00:00]} Nc6 {[%emt 0:00:30]} 9. Bc4 {[%emt 0:01:00]} Bb4+ {[%emt 0:08:30]} 10. Bd2 {[%emt 0:00:30]} Qa5 {[%emt 0:09:30]} 11. d5 {[%emt 0:01:30]} Bxd2+ {[%emt 0:07:30]} 12. Qxd2 {[%emt 0:00:30]} Qxd2+ {[%emt 0:00:00]} 13. Kxd2 {[%emt 0:00:30]} Na5 {[%emt 0:00:00]} 14. Bb5+ {[%emt 0:00:30]} Ke7 {[%emt 0:01:30]} 15. Rhd1 {[%emt 0:02:30]} a6 {[%emt 0:06:30]} 16. Be2 {[%emt 0:00:30]} exd5 {[%emt 0:10:30]} 17. exd5 {[%emt 0:01:30]} Bg4 {[%emt 0:00:30]} 18. Ke1 {[%emt 0:04:30]} Rhd8 {[%emt 0:11:30]} 19. h3 {[%emt 0:02:30]} Bxf3 {[%emt 0:00:30]} 20. Bxf3 {[%emt 0:00:00]} Kd6 {[%emt 0:00:30]} 21. Rab1 {[%emt 0:02:00]} b5 {[%emt 0:01:30]} 22. a4 {[%emt 0:00:30]} Rab8 {[%emt 0:00:30]} 23. axb5 {[%emt 0:00:30]} axb5 {[%emt 0:00:30]} 24. Ra1 {[%emt 0:00:00]} Nc4 {[%emt 0:00:30]} 25. Ra6+ {[%emt 0:00:00]} Rb6 {[%emt 0:00:30]} 26. Rxb6+ {[%emt 0:01:30]} Nxb6 {[%emt 0:00:00]} 27. Rb1 {[%emt 0:00:30]} Kc5 {[%emt 0:00:00]} 28. Rc1+ {[%emt 0:00:30]} Nc4 {[%emt 0:00:30]} 29. Ke2 {[%emt 0:00:30]} Kd4 {[%emt 0:00:30]} 30. Rb1 {[%emt 0:01:30]} Re8+ {[%emt 0:01:30]} 31. Kd1 {[%emt 0:00:30]} Rb8 {[%emt 0:01:30]} 32. Ke1 {[%emt 0:02:30]} b4 {[%emt 0:00:30]} 33. Rd1+ {[%emt 0:02:30]} Ke5 {[%emt 0:00:30]} 34. Rc1 {[%emt 0:01:30]} Nd6 {[%emt 0:01:30]} 35. Ke2 {[%emt 0:03:30]} Nb5 {[%emt 0:09:30]} 36. Kd3 {[%emt 0:02:30]} Na3 {[%emt 0:00:30]} 37. Re1+ {[%emt 0:00:30]} Kd6 {[%emt 0:00:30]} 38. Re2 {[%emt 0:02:30]} Kc5 {[%emt 0:01:30]} 39. Re7 {[%emt 0:07:30]} b3 {[%emt 0:02:30]} 40. Be4 {[%emt 0:00:00]} b2 {[%emt 0:00:00]} 41. Ke2 {[%emt 0:02:00]} Rb4 {[%emt 0:09:00]} 42. Bd3 {[%emt 0:00:00]} Rd4 {[%emt 0:00:30]} 43. Rxf7 {[%emt 0:02:00]} Rxd3 {[%emt 0:00:30]} 44. Rb7 {[%emt 0:00:00]} Nb5 {[%emt 0:00:00]} 0-1

[Event "World Junior U20 Girls 2018"]
[Site "Gebze"]
[Date "2018.09.08"]
[Round "5"]
[White "Celik, Eda"]
[Black "Rousseau, Christilla"]
[Result "1/2-1/2"]
[WhiteElo "1970"]
[BlackElo "1677"]
[Annotator "NA RC"]
[PlyCount "132"]
[EventDate "2018.09.05"]
[EventType "swiss"]
[EventCountry "TUR"]
[SourceTitle "playchess.com"]
[Source "ChessBase"]
[SourceQuality "1"]
[TimeControl "40/5400+30:1800+30"]

1. e4 {[%emt 0:00:30]} c6 {[%emt 0:00:30]} 2. d4 {[%emt 0:00:00]} d5 {[%emt 0:00:30]} 3. Nc3 {[%emt 0:00:00]} dxe4 {[%emt 0:00:00]} 4. Nxe4 {[%emt 0:00:00]} Bf5 {[%emt 0:00:00]} 5. Ng3 {[%emt 0:00:00]} Bg6 {[%emt 0:00:30]} 6. h4 {[%emt 0:00:30]} h6 {[%emt 0:00:30]} 7. Nf3 {[%emt 0:00:30]} Nd7 {[%emt 0:00:30]} 8. h5 {[%emt 0:00:30]} Bh7 {[%emt 0:01:30]} 9. Bd3 {[%emt 0:00:00]} Bxd3 {[%emt 0:00:00]} 10. Qxd3 {[%emt 0:00:00]} e6 {[%emt 0:00:00]} 11. Bf4 {[%emt 0:00:30]} Ngf6 {[%emt 0:00:30]} 12. O-O-O {[%emt 0:01:30]} Be7 {[%emt 0:01:30]} 13. Kb1 {[%emt 0:01:30] B19: Classical Caro-Kann: 4...Bf5 main line} (13. Ne5 O-O 14. c4 c5 15. d5 Bd6 16. Ng6 Bxf4+ 17. Nxf4 Qc7 18. Qe3 Nb6 19. b3 exd5 20. Nf5 Ne4 21. Nxd5 Nxd5 22. Rxd5 {½-½ (33) Bernadskiy,V (2544)-Jobava,B (2683) Ureki 2015}) 13... Nd5 {[%emt 0:02:30]} 14. Bd2 {[%emt 0:00:30]} Qb6 {[%emt 0:05:30]} 15. c4 {[%emt 0:07:30]} N5f6 {[%emt 0:01:30]} 16. Bc3 {[%emt 0:02:30]} O-O {[%emt 0:10:30]} 17. Ne4 {[%emt 0:02:30]} Nxe4 $146 {[%emt 0:06:30]} ({Predecessor:} 17... Rad8 18. Nxf6+ Nxf6 19. Ne5 {½-½ (31) Paramonov,D (2311)-Slapikas,V (2378) Klaipeda 2002}) 18. Qxe4 {[%emt 0:00:30]} Nf6 {[%emt 0:00:30]} 19. Qe2 {[%emt 0:00:30]} Rfd8 {[%emt 0:08:30]} 20. Ne5 {[%emt 0:12:30]} a5 {[%emt 0:15:30]} 21. f4 {[%emt 0:18:30]} Bb4 {[%emt 0:08:30]} 22. Qf3 {[%emt 0:08:30]} Bxc3 {[%emt 0:07:30]} 23. Qxc3 {[%emt 0:00:00]} c5 {[%emt 0:02:30]} 24. dxc5 {[%emt 0:03:00]} Rxd1+ {[%emt 0:02:30]} 25. Rxd1 {[%emt 0:00:30]} Qxc5 {[%emt 0:00:00]} 26. Qf3 {[%emt 0:04:30]} Qc7 {[%emt 0:07:27]} 27. g4 {[%emt 0:03:30]} Rd8 {[%emt 0:03:38]} 28. Re1 {[%emt 0:13:30]} Nd7 {[%emt 0:07:40]} 29. b3 {[%emt 0:02:26]} Nxe5 {[%emt 0:01:33]} 30. Rxe5 {[%emt 0:03:13]} Qd7 {[%emt 0:01:14]} 31. Rxa5 {[%emt 0:10:07]} Qd2 {[%emt 0:00:18]} 32. Re5 {[%emt 0:01:13]} Ra8 {[%emt 0:02:19]} 33. a4 {[%emt 0:02:28]} Rd8 {[%emt 0:00:11]} 34. Re2 {[%emt 0:03:27]} Qd1+ {[%emt 0:00:07]} 35. Kb2 {[%emt 0:00:00]} Rd2+ {[%emt 0:00:31]} 36. Rxd2 {[%emt 0:00:34]} Qxf3 {[%emt 0:00:08]} 37. Rd8+ {[%emt 0:00:51]} Kh7 {[%emt 0:00:06]} 38. Rd7 {[%emt 0:00:05]} Qxg4 {[%emt 0:00:49]} 39. Rxf7 {[%emt 0:00:21]} Qxh5 {[%emt 0:03:12]} 40. Rxb7 {[%emt 0:00:00]} Qh2+ {[%emt 0:00:00]} 41. Ka3 {[%emt 0:00:45]} Qxf4 {[%emt 0:02:17]} 42. a5 {[%emt 0:11:30]} Qd6+ {[%emt 0:06:30]} 43. Ka4 {[%emt 0:00:30]} Qc6+ {[%emt 0:00:30]} 44. Rb5 {[%emt 0:00:00]} e5 {[%emt 0:01:30]} 45. Kb4 {[%emt 0:00:00]} e4 {[%emt 0:03:30]} 46. Rb6 {[%emt 0:00:00]} Qc7 {[%emt 0:01:30]} 47. Re6 {[%emt 0:02:11]} Qb7+ {[%emt 0:04:14]} 48. Kc3 {[%emt 0:01:07]} h5 {[%emt 0:04:24]} 49. Re5 {[%emt 0:02:46]} Kh6 {[%emt 0:01:39]} 50. Kd4 {[%emt 0:00:20]} Qxb3 {[%emt 0:02:10]} 51. Rxe4 {[%emt 0:00:04]} Qb7 {[%emt 0:04:53]} 52. Re6+ {[%emt 0:01:11]} g6 {[%emt 0:00:30]} 53. a6 {[%emt 0:00:00]} Qd7+ {[%emt 0:00:14]} 54. Ke5 {[%emt 0:00:00]} Kg5 {[%emt 0:00:27]} 55. c5 {[%emt 0:00:34]} h4 {[%emt 0:00:55]} 56. Rd6 {[%emt 0:01:02]} Qc7 {[%emt 0:00:40]} 57. Kd5 {[%emt 0:00:12]} h3 {[%emt 0:01:58]} 58. Rc6 {[%emt 0:00:07]} Qxc6+ {[%emt 0:00:46]} 59. Kxc6 {[%emt 0:00:30]} h2 {[%emt 0:00:00]} 60. Kb7 {[%emt 0:02:00]} h1=Q+ {[%emt 0:00:08]} 61. c6 {[%emt 0:00:00]} Qh7+ {[%emt 0:00:35]} 62. c7 {[%emt 0:00:00]} Qd7 $11 {[%emt 0:00:52]} (62... Qh1+ $19 63. Kb8 Qb1+ 64. Ka8 Qf5) 63. a7 $1 {[%emt 0:01:10]} Qb5+ {[%emt 0:00:22]} 64. Kc8 {[%emt 0:03:46]} Qa6+ {[%emt 0:01:28]} 65. Kb8 {[%emt 0:00:05]} Qb6+ {[%emt 0:00:14]} 66. Ka8 {[%emt 0:00:09]} Qxc7 {[%emt 0:01:16]} 1/2-1/2